000 00651cam a22002653a 4500
001 24039
003 PGUSA
005 20140828083520.0
008 071226s2007||||xxu|||||s|||||000 | eng d
040 _aPGUSA
_beng
042 _adc
050 4 _aBL
100 1 _aLaozi
245 1 0 _a老子
_h[electronic resource] /
_cLaozi
260 _bProject Gutenberg,
_c2007
506 _aPublic domain in the USA.
516 _aElectronic text
653 _aTaoism
653 _aPhilosophy, Chinese
740 0 _aLao Zih
740 0 _aLaozi
830 0 _aProject Gutenberg
_v24039
856 4 0 _uhttp://www.gutenberg.org/ebooks/24039
942 _cEB
999 _c253294
_d253294